000 00280nam a22001217a 4500
008 170502b xxu||||| |||| 00| 0 eng d
041 _aeng
080 _a34
100 _a13
101 _aSHJ
245 _aHELATH AND YOUR RIGHT UNDER THE LAW
_cJASPER.M.C
942 _2udc
_cBK
999 _c12470
_d12470